[Event "Quebec-ch classe"]
[Site "St-Jean CAN"]
[Date "1999.10.02"]
[Round "2"]
[White "Bachand-Fleurent, Julien"]
[Black "Moss, Laurent"]
[Result "0-1"]
[WhiteElo "1901"]
[BlackElo "2098"]
[PlyCount "78"]
[GameId "2160767911742085"]
[EventDate "1999.10.01"]
[EventType "swiss"]
[EventRounds "5"]
[EventCountry "CAN"]

1. e4 c5 2. Nc3 Nc6 3. g3 g6 4. Bg2 Bg7 5. d3 Rb8 6. f4 b5 7. Nf3 e6 8. O-O b4 9. Ne2 Nge7 10. g4 d5 11. Ng3 O-O 12. Nh4 dxe4 13. dxe4 Ba6 14. f5 Bxf1 15. Qxf1 Qd4+ 16. Kh1 Rbd8 17. Ne2 Qd1 18. Be3 Qxf1+ 19. Rxf1 Bf6 20. g5 Bd4 21. Nxd4 cxd4 22. Bd2 d3 23. c3 Na5 24. b3 Rc8 25. c4 Nec6 26. Bh3 exf5 27. exf5 Rcd8 28. Ng2 Rfe8 29. Nf4 Re2 30. Rd1 Rd4 31. Nd5 Rh4 32. Bg2 Ne5 33. Ne3 Nec6 34. h3 Nd4 35. Be1 Rh5 36. Nd5 Rxg5 37. Nf4 Rxa2 38. Bxb4 Nxf5 39. Bd5 Ng3+ 0-1

[Event "Quebec-ch classe"]
[Site "St-Jean CAN"]
[Date "1999.10.02"]
[Round "2"]
[White "Belanger, Jacques"]
[Black "Neacsu, Catalin"]
[Result "0-1"]
[WhiteElo "2062"]
[BlackElo "1921"]
[PlyCount "54"]
[GameId "2160767911742086"]
[EventDate "1999.10.01"]
[EventType "swiss"]
[EventRounds "5"]
[EventCountry "CAN"]

1. e4 c5 2. Nf3 d6 3. d4 cxd4 4. Nxd4 Nf6 5. Nc3 a6 6. Bg5 e6 7. f4 Qc7 8. Qf3 Nbd7 9. O-O-O b5 10. Bd3 b4 11. Nce2 Bb7 12. Qh3 Nc5 13. Bxf6 gxf6 14. Ng3 Nxd3+ 15. Rxd3 d5 16. Nh5 O-O-O 17. Rhd1 Be7 18. exd5 Bxd5 19. Nf5 Bc5 20. Nxf6 Qxf4+ 21. Kb1 Bc4 22. Qg3 Rxd3 23. cxd3 Qxf5 24. Ne4 Rd8 25. Nxc5 Qxc5 26. Rc1 Bxd3+ 27. Qxd3 Qxc1+ 0-1

[Event "Quebec-ch classe"]
[Site "St-Jean CAN"]
[Date "1999.10.02"]
[Round "2"]
[White "Gemme, Yannick"]
[Black "Soudre, Nicolas"]
[Result "0-1"]
[WhiteElo "1623"]
[BlackElo "2133"]
[PlyCount "58"]
[GameId "2160767911742087"]
[EventDate "1999.10.01"]
[EventType "swiss"]
[EventRounds "5"]
[EventCountry "CAN"]

1. d4 e6 2. c4 Nf6 3. Nc3 Bb4 4. Qc2 O-O 5. Bg5 c5 6. Nf3 cxd4 7. Nxd4 Qa5 8. Bd2 d5 9. e3 Nc6 10. Nb3 Qc7 11. cxd5 Nxd5 12. Nxd5 Bxd2+ 13. Qxd2 exd5 14. Qxd5 Nb4 15. Qc4 Nc2+ 16. Kd2 Qxc4 17. Bxc4 Nxa1 18. Rxa1 b6 19. Rc1 Bb7 20. f3 Rac8 21. Nd4 Rfd8 22. Ke1 Ba6 23. b3 b5 24. Nc6 bxc4 25. Ne7+ Kf8 26. Nxc8 Rxc8 27. b4 Bb5 28. Rd1 c3 29. Rd5 c2 0-1

[Event "Quebec-ch classe"]
[Site "St-Jean CAN"]
[Date "1999.10.02"]
[Round "2"]
[White "Larochelle, Martial"]
[Black "Angers, Gilles"]
[Result "1-0"]
[WhiteElo "2213"]
[BlackElo "2009"]
[PlyCount "88"]
[GameId "2160767911742088"]
[EventDate "1999.10.01"]
[EventType "swiss"]
[EventRounds "5"]
[EventCountry "CAN"]

1. e4 e6 2. Nf3 d5 3. Nc3 Nf6 4. e5 Nfd7 5. d4 c5 6. dxc5 Bxc5 7. Bd3 Nc6 8. Bf4 a6 9. O-O b5 10. Re1 Nb6 11. Ng5 g6 12. h4 b4 13. Nb1 h6 14. Nf3 Kf8 15. Qc1 Kg7 16. Nbd2 Be7 17. Bg3 Bb7 18. Nf1 Rc8 19. Qf4 Nd7 20. h5 g5 21. Qg4 Nc5 22. N3d2 Nb8 23. Be2 Qb6 24. Bd1 Na4 25. Rb1 Qc6 26. f4 Qd7 27. Nf3 Rcg8 28. fxg5 hxg5 29. Nxg5 Kf8 30. Bh4 Qd8 31. Bf3 Bxg5 32. Bxg5 Qxg5 33. Qxb4+ Qe7 34. Qxa4 Qc5+ 35. Ne3 Nc6 36. Qa3 Qe7 37. Qxe7+ Kxe7 38. Kf2 Kd7 39. Ng4 Rg5 40. h6 Nd4 41. c3 Nf5 42. Rh1 Ke7 43. h7 Rg7 44. Nf6 Nd6 1-0

[Event "Quebec-ch classe"]
[Site "St-Jean CAN"]
[Date "1999.10.02"]
[Round "2"]
[White "Michoura, Mikhail"]
[Black "Marineau, Remi"]
[Result "1-0"]
[WhiteElo "2031"]
[BlackElo "2058"]
[PlyCount "45"]
[GameId "2160767911742090"]
[EventDate "1999.10.01"]
[EventType "swiss"]
[EventRounds "5"]
[EventCountry "CAN"]

1. e4 c5 2. Nf3 e6 3. d4 cxd4 4. Nxd4 Nf6 5. Bg5 Qa5+ 6. Bd2 Qb6 7. Be3 Qxb2 8. Nd2 Bb4 9. Nb5 Na6 10. Bd3 Qe5 11. Bd4 Qg5 12. g3 Nxe4 13. Bxe4 Qxb5 14. Bxg7 Rg8 15. Bf6 Qc4 16. Bxh7 b6 17. Qf3 Rb8 18. c3 Bb7 19. Qxb7 Bxc3 20. Qf3 Bxd2+ 21. Kxd2 Rg4 22. Bd3 Qb4+ 23. Bc3 1-0

[Event "Quebec-ch classe"]
[Site "St-Jean CAN"]
[Date "1999.10.02"]
[Round "2"]
[White "Wenaas, Eric"]
[Black "Schleifer, Michael"]
[Result "1/2-1/2"]
[WhiteElo "2271"]
[BlackElo "2422"]
[PlyCount "54"]
[GameId "2160767911742091"]
[EventDate "1999.10.01"]
[EventType "swiss"]
[EventRounds "5"]
[EventCountry "CAN"]

1. c4 b6 2. Nf3 Bb7 3. Nc3 e6 4. g3 Nf6 5. Bg2 Bb4 6. O-O Bxc3 7. bxc3 O-O 8. d3 d5 9. Ne5 Nfd7 10. Nxd7 Nxd7 11. cxd5 Bxd5 12. e4 Bb7 13. d4 c5 14. Re1 h6 15. d5 e5 16. c4 Qf6 17. Bb2 Qd6 18. f4 f6 19. Bh3 Rad8 20. Qa4 exf4 21. gxf4 Qxf4 22. Bxd7 Rxd7 23. Qxd7 Bc8 24. Qa4 Qg4+ 25. Kf2 Qf4+ 26. Kg1 Qg4+ 27. Kf2 Qf4+ 1/2-1/2

[Event "Quebec-ch classe"]
[Site "St-Jean CAN"]
[Date "1999.10.02"]
[Round "3"]
[White "Fortin, Marc"]
[Black "Belanger, Jacques"]
[Result "1-0"]
[WhiteElo "2051"]
[BlackElo "2062"]
[PlyCount "57"]
[GameId "2160767911742092"]
[EventDate "1999.10.01"]
[EventType "swiss"]
[EventRounds "5"]
[EventCountry "CAN"]

1. e4 c5 2. Nf3 Nc6 3. d4 cxd4 4. Nxd4 Nf6 5. Nc3 d6 6. Be2 e6 7. Be3 Be7 8. Qd2 O-O 9. f4 Bd7 10. O-O Nxd4 11. Bxd4 Bc6 12. Bf3 Qc7 13. g4 b5 14. g5 Nd7 15. f5 exf5 16. exf5 Bxf3 17. Rxf3 Qc6 18. Raf1 Ne5 19. Rh3 Kh8 20. Qf4 b4 21. Ne4 Qc4 22. Bxe5 dxe5 23. Rxh7+ Kg8 24. Nf6+ gxf6 25. Qxc4 Kxh7 26. Qh4+ Kg8 27. gxf6 Bc5+ 28. Kh1 Rfd8 29. Qh6 1-0

[Event "Quebec-ch classe"]
[Site "St-Jean CAN"]
[Date "1999.10.02"]
[Round "3"]
[White "Goldenberg, Danny"]
[Black "Auger, Bertrand"]
[Result "1-0"]
[WhiteElo "2233"]
[BlackElo "2042"]
[PlyCount "91"]
[GameId "2160767911742093"]
[EventDate "1999.10.01"]
[EventType "swiss"]
[EventRounds "5"]
[EventCountry "CAN"]

1. e4 e6 2. d4 d5 3. Nd2 Nf6 4. e5 Nfd7 5. Bd3 c5 6. c3 Nc6 7. Ne2 cxd4 8. cxd4 f6 9. exf6 Nxf6 10. O-O Bd6 11. Nf3 O-O 12. Bg5 Qc7 13. Qb1 h6 14. Bh4 Ng4 15. h3 Rxf3 16. hxg4 Rf8 17. f3 g5 18. Bf2 Rf6 19. a3 Bd7 20. b4 Raf8 21. Ra2 R8f7 22. Rc1 Qb8 23. b5 Ne7 24. Be3 Kg7 25. a4 Rf8 26. Rc3 Ng6 27. Bxg6 Rxg6 28. Qd3 Rh8 29. Rc1 Rf8 30. Rac2 Bh2+ 31. Kf2 Rgf6 32. Rh1 Be8 33. Rcc1 Bg6 34. Qb3 R6f7 35. Bd2 Rf6 36. Bb4 Bd6 37. Rc3 e5 38. dxe5 Bxe5 39. Bxf8+ Qxf8 40. Qxd5 Bxc3 41. Nxc3 Bf7 42. Qd4 Qd6 43. Rd1 Qxd4+ 44. Rxd4 a6 45. Rd7 axb5 46. Nxb5 1-0

[Event "Quebec-ch classe"]
[Site "St-Jean CAN"]
[Date "1999.10.02"]
[Round "3"]
[White "Marineau, Remi"]
[Black "Gemme, Yannick"]
[Result "1-0"]
[WhiteElo "2058"]
[BlackElo "1623"]
[PlyCount "29"]
[GameId "2160767911742095"]
[EventDate "1999.10.01"]
[EventType "swiss"]
[EventRounds "5"]
[EventCountry "CAN"]

1. e4 c6 2. d4 d5 3. e5 Bf5 4. Nc3 e6 5. g4 Bg6 6. Nge2 Nd7 7. h4 h5 8. Nf4 Ne7 9. Nxg6 Nxg6 10. gxh5 Nxh4 11. Bd3 c5 12. Qg4 Be7 13. Qxg7 Rxh5 14. Qg8+ Nf8 15. Bb5+ 1-0

[Event "Quebec-ch classe"]
[Site "St-Jean CAN"]
[Date "1999.10.02"]
[Round "3"]
[White "Michoura, Mikhail"]
[Black "St Amand, Paul Jr"]
[Result "0-1"]
[WhiteElo "2031"]
[BlackElo "2160"]
[PlyCount "104"]
[GameId "2160767911742096"]
[EventDate "1999.10.01"]
[EventType "swiss"]
[EventRounds "5"]
[EventCountry "CAN"]

1. e4 c5 2. Nf3 d6 3. d4 cxd4 4. Nxd4 Nf6 5. Nc3 a6 6. Bg5 e6 7. f4 Be7 8. Qf3 Qc7 9. O-O-O Nbd7 10. Qg3 O-O 11. Bd3 Nc5 12. e5 dxe5 13. fxe5 Nxd3+ 14. Rxd3 Ne8 15. Ne4 f5 16. Bxe7 Qxe7 17. Ng5 Nc7 18. Rhd1 h6 19. Nh3 Nd5 20. Ne2 Nb4 21. Rd6 Nxa2+ 22. Kb1 Nb4 23. Nhf4 Re8 24. Nd4 Qg5 25. Qf3 Qg4 26. Ndxe6 Bxe6 27. Nxe6 Qc4 28. Qc3 Qa2+ 29. Kc1 Qxe6 30. Qxb4 Qxe5 31. Rd7 b5 32. g3 Rac8 33. Kb1 Qe4 34. Qb3+ Qc4 35. Qxc4+ Rxc4 36. Ra7 Rc6 37. Rdd7 Rg6 38. Rd5 Re2 39. Rxf5 Rxh2 40. Rf3 Rg2 41. Ra3 Rg1+ 42. Ka2 R1xg3 43. R7xa6 Rxa6 44. Rxa6 h5 45. Ra5 h4 46. Rxb5 g5 47. c4 h3 48. c5 h2 49. Rb8+ Kg7 50. Rb7+ Kg6 51. Rb6+ Kh5 52. Rb8 Kg4 0-1

[Event "Quebec-ch classe"]
[Site "St-Jean CAN"]
[Date "1999.10.02"]
[Round "3"]
[White "Soudre, Nicolas"]
[Black "Schleifer, Michael"]
[Result "0-1"]
[WhiteElo "2133"]
[BlackElo "2422"]
[PlyCount "62"]
[GameId "2160767911742097"]
[EventDate "1999.10.01"]
[EventType "swiss"]
[EventRounds "5"]
[EventCountry "CAN"]

1. e4 g6 2. d4 Bg7 3. Nc3 d6 4. Be2 Nd7 5. Nf3 e5 6. d5 Ngf6 7. O-O O-O 8. h3 Nc5 9. Nd2 a5 10. Re1 Nfd7 11. Bf1 f5 12. Nb3 f4 13. Be2 h5 14. Bf3 Rf7 15. Nxc5 Nxc5 16. b3 Bf8 17. Ba3 Nd7 18. Nb5 Nf6 19. c4 b6 20. Nc3 Rh7 21. Be2 g5 22. f3 Rg7 23. Kf2 g4 24. hxg4 Nxg4+ 25. fxg4 Qh4+ 26. Kf1 hxg4 27. Bf3 gxf3 28. Qxf3 Rg3 29. Qf2 Be7 30. Ne2 Bg4 31. Ng1 Qh1 0-1

[Event "Quebec-ch classe"]
[Site "St-Jean CAN"]
[Date "1999.10.02"]
[Round "3"]
[White "Trottier, Yves"]
[Black "Moss, Laurent"]
[Result "0-1"]
[WhiteElo "1950"]
[BlackElo "2098"]
[PlyCount "82"]
[GameId "2160767911742098"]
[EventDate "1999.10.01"]
[EventType "swiss"]
[EventRounds "5"]
[EventCountry "CAN"]

1. e4 c5 2. Nc3 Nc6 3. g3 g6 4. Bg2 Bg7 5. d3 Rb8 6. Be3 Nd4 7. Qd2 e6 8. Nd1 d6 9. c3 Nc6 10. Nf3 Nge7 11. Bh6 O-O 12. Bxg7 Kxg7 13. Nh4 d5 14. f4 dxe4 15. Bxe4 f5 16. Bg2 e5 17. Nf2 exf4 18. O-O-O Be6 19. c4 b5 20. b3 bxc4 21. dxc4 Qxd2+ 22. Rxd2 fxg3 23. hxg3 Nd4 24. Nd3 Rxb3 25. Nxc5 Rc3+ 26. Kb2 Rxc4 27. Nxe6+ Nxe6 28. Rd7 Rb8+ 29. Ka1 Nd4 30. Rxe7+ Kf6 31. Rb7 Rxb7 32. Bxb7 Rb4 33. Rc1 Rxb7 34. Rc3 Kg5 35. Ng2 Re7 36. Nf4 Re3 37. Rc4 Ne6 38. Nh3+ Kf6 39. Rc6 Ke5 40. Ra6 Rxg3 41. Nf2 Rg1+ 0-1

[Event "Quebec-ch classe"]
[Site "St-Jean CAN"]
[Date "1999.10.02"]
[Round "3"]
[White "Wenaas, Eric"]
[Black "Larochelle, Martial"]
[Result "1-0"]
[WhiteElo "2271"]
[BlackElo "2213"]
[PlyCount "74"]
[GameId "2160767911742099"]
[EventDate "1999.10.01"]
[EventType "swiss"]
[EventRounds "5"]
[EventCountry "CAN"]

1. c4 e5 2. Nc3 Nf6 3. Nf3 Nc6 4. e3 Bb4 5. Qc2 O-O 6. Nd5 Re8 7. Qf5 d6 8. Nxf6+ gxf6 9. Qh5 d5 10. Bd3 e4 11. cxd5 exd3 12. dxc6 bxc6 13. b3 a5 14. Bb2 Bf8 15. Rc1 Ra6 16. Rc4 Be6 17. Rf4 Bg7 18. O-O Bd5 19. Rc1 Qd6 20. Nh4 Be4 21. Nf5 Bxf5 22. Qxf5 Re6 23. Rd4 Qe7 24. Qxd3 Ra8 25. Rd7 Qf8 26. Rc4 Re7 27. Rxe7 Qxe7 28. Rxc6 Rd8 29. Qc3 Rd6 30. Rxc7 Rxd2 31. Qxd2 Qxc7 32. Bc3 a4 33. bxa4 Bf8 34. g3 Qb7 35. Qb2 Qe4 36. Bxf6 Qxa4 37. Qd4 Qxa2 1-0

[Event "Quebec-ch classe"]
[Site "St-Jean CAN"]
[Date "1999.10.03"]
[Round "4"]
[White "Angers, Gilles"]
[Black "Marineau, Remi"]
[Result "1-0"]
[WhiteElo "2009"]
[BlackElo "2058"]
[PlyCount "95"]
[GameId "2160767911742100"]
[EventDate "1999.10.01"]
[EventType "swiss"]
[EventRounds "5"]
[EventCountry "CAN"]

1. e4 c5 2. Nc3 e6 3. g3 Nc6 4. Bg2 d6 5. d3 g6 6. f4 Nge7 7. Nf3 Bg7 8. O-O O-O 9. Be3 Nd4 10. e5 Nef5 11. Bf2 Nxf3+ 12. Qxf3 Nd4 13. Qd1 dxe5 14. fxe5 Bxe5 15. Ne4 Qc7 16. c3 Nc6 17. Nxc5 b6 18. Qa4 bxc5 19. Qxc6 Qxc6 20. Bxc6 Rb8 21. Bxc5 Rd8 22. d4 Bg7 23. Be7 Ba6 24. Bxd8 Bxf1 25. Kxf1 Rxd8 26. Ke2 Kf8 27. Rd1 Ke7 28. b4 e5 29. d5 e4 30. c4 Bc3 31. Rb1 f5 32. c5 g5 33. Rb3 Bd4 34. Ra3 Kf6 35. Rxa7 f4 36. d6 f3+ 37. Kf1 g4 38. Bxe4 Rxd6 39. cxd6 Bxa7 40. d7 Ke7 41. Bxh7 Kxd7 42. Bf5+ Kc6 43. Bxg4 f2 44. Be2 Kd5 45. a4 Kd4 46. a5 Ke3 47. b5 Bc5 48. h4 1-0

[Event "Quebec-ch classe"]
[Site "St-Jean CAN"]
[Date "1999.10.03"]
[Round "4"]
[White "Auger, Bertrand"]
[Black "Michoura, Mikhail"]
[Result "0-1"]
[WhiteElo "2042"]
[BlackElo "2031"]
[PlyCount "88"]
[GameId "2160767911742101"]
[EventDate "1999.10.01"]
[EventType "swiss"]
[EventRounds "5"]
[EventCountry "CAN"]

1. Nf3 Nf6 2. g3 g6 3. b4 d6 4. Bg2 Bg7 5. Bb2 O-O 6. O-O c6 7. d3 a5 8. a3 axb4 9. axb4 Rxa1 10. Bxa1 Qb6 11. c3 Bg4 12. Nbd2 Nbd7 13. Qa4 Nd5 14. Qa3 Nc7 15. Nc4 Qb5 16. Qa5 Rc8 17. Rb1 d5 18. Ne3 Bxf3 19. Bxf3 Qb6 20. c4 Ra8 21. Qxb6 Nxb6 22. Bxg7 Kxg7 23. b5 cxb5 24. c5 Na4 25. Nxd5 Nxd5 26. Bxd5 Nc3 27. Bxb7 Rb8 28. c6 Nxb1 29. c7 Re8 30. Kf1 b4 31. Ke1 b3 32. Kd1 Nc3+ 33. Kc1 Nxe2+ 34. Kb2 Nd4 35. c8=Q Rxc8 36. Bxc8 g5 37. Ba6 Kf6 38. Bc4 g4 39. Kc3 e5 40. Bd5 Ke7 41. Bc4 f5 42. Bd5 Kf6 43. Bg8 h5 44. Bd5 Kg5 0-1

[Event "Quebec-ch classe"]
[Site "St-Jean CAN"]
[Date "1999.10.03"]
[Round "4"]
[White "Moss, Laurent"]
[Black "Larochelle, Martial"]
[Result "1/2-1/2"]
[WhiteElo "2098"]
[BlackElo "2213"]
[PlyCount "119"]
[GameId "2160767911742103"]
[EventDate "1999.10.01"]
[EventType "swiss"]
[EventRounds "5"]
[EventCountry "CAN"]

1. d4 d5 2. Nf3 Nc6 3. c4 Bg4 4. cxd5 Bxf3 5. gxf3 Qxd5 6. e3 e5 7. Nc3 Bb4 8. Bd2 Bxc3 9. bxc3 exd4 10. cxd4 Nge7 11. Be2 O-O-O 12. Qb3 Qxb3 13. axb3 Kb8 14. Rg1 g6 15. b4 a6 16. b5 axb5 17. Bxb5 Rd6 18. Ke2 Rhd8 19. Ra2 Nd5 20. Rc1 Nb6 21. Bxc6 Rxc6 22. Rxc6 bxc6 23. Ra5 Kc8 24. Ra7 Rd5 25. Kd3 Rf5 26. e4 Rxf3+ 27. Ke2 Rf6 28. Bg5 Re6 29. Kd3 Kb8 30. Ra5 f6 31. Bh4 Nd7 32. f4 Kb7 33. f5 Re8 34. fxg6 hxg6 35. Ra2 c5 36. Bf2 cxd4 37. Bxd4 c5 38. Bc3 Kb6 39. Rf2 Re6 40. Rg2 g5 41. Rf2 Kb5 42. Rf5 Rd6+ 43. Kc2 Kc4 44. e5 Nxe5 45. Bxe5 fxe5 46. Rxe5 Rd5 47. Re3 Rd4 48. Rg3 Rd5 49. Rg4+ Kb5 50. h4 gxh4 51. Rxh4 Rg5 52. Rh3 Kb4 53. Rf3 Rg2+ 54. Kc1 c4 55. Rh3 Rg1+ 56. Kc2 Ra1 57. Kb2 Re1 58. Kc2 Re2+ 59. Kc1 c3 60. Rh8 1/2-1/2

[Event "Quebec-ch classe"]
[Site "St-Jean CAN"]
[Date "1999.10.03"]
[Round "4"]
[White "Soudre, Nicolas"]
[Black "Goldenberg, Danny"]
[Result "1-0"]
[WhiteElo "2133"]
[BlackElo "2233"]
[PlyCount "57"]
[GameId "2160767911742104"]
[EventDate "1999.10.01"]
[EventType "swiss"]
[EventRounds "5"]
[EventCountry "CAN"]

1. e4 c5 2. Nc3 Nc6 3. f4 g6 4. Nf3 Bg7 5. Bb5 Nd4 6. Bd3 d6 7. Nxd4 cxd4 8. Ne2 Nf6 9. O-O O-O 10. c3 dxc3 11. bxc3 b6 12. Bc2 Bb7 13. d3 Qc7 14. h3 Rac8 15. Be3 Nd7 16. Rc1 Nc5 17. f5 b5 18. Qe1 Qa5 19. Qh4 Bf6 20. Bg5 Qxa2 21. Bxf6 exf6 22. Qxf6 b4 23. Nf4 b3 24. Nh5 gxh5 25. Rf3 Rfd8 26. Qh6 f6 27. Rg3+ Kf7 28. Rg7+ Ke8 29. Qxh5+ 1-0

[Event "Quebec-ch classe"]
[Site "St-Jean CAN"]
[Date "1999.10.03"]
[Round "5"]
[White "Gemme, Yannick"]
[Black "Trottier, Yves"]
[Result "0-1"]
[WhiteElo "1623"]
[BlackElo "1950"]
[PlyCount "23"]
[GameId "2160767911742105"]
[EventDate "1999.10.01"]
[EventType "swiss"]
[EventRounds "5"]
[EventCountry "CAN"]

1. d4 d5 2. c4 e5 3. dxe5 d4 4. Nf3 Nc6 5. g3 Be6 6. Nbd2 Qd7 7. Qc2 Nb4 8. Qe4 Bf5 9. Qxb7 Rd8 10. Ne4 Nc2+ 11. Kd1 Nxa1 12. Nc5 0-1

[Event "Quebec-ch classe"]
[Site "St-Jean CAN"]
[Date "1999.10.03"]
[Round "5"]
[White "Marineau, Remi"]
[Black "Auger, Bertrand"]
[Result "1/2-1/2"]
[WhiteElo "2058"]
[BlackElo "2042"]
[PlyCount "49"]
[GameId "2160767911742106"]
[EventDate "1999.10.01"]
[EventType "swiss"]
[EventRounds "5"]
[EventCountry "CAN"]

1. e4 e6 2. d4 d5 3. Nc3 Bb4 4. exd5 exd5 5. Bd3 Nf6 6. Nf3 O-O 7. O-O c6 8. Ne2 Re8 9. Ng3 Be6 10. Ne5 Nbd7 11. f4 Nxe5 12. fxe5 Bg4 13. Be2 Bxe2 14. Qxe2 Qb6 15. c3 Bf8 16. Qf2 Rxe5 17. dxe5 Bc5 18. exf6 Re8 19. Bg5 h6 20. Bf4 g5 21. Bd6 Bxf2+ 22. Rxf2 Re6 23. Be7 a5 24. Raf1 Re5 25. Kh1 1/2-1/2

[Event "Quebec-ch classe"]
[Site "St-Jean CAN"]
[Date "1999.10.03"]
[Round "5"]
[White "Neacsu, Catalin"]
[Black "Wenaas, Eric"]
[Result "0-1"]
[WhiteElo "1921"]
[BlackElo "2271"]
[PlyCount "28"]
[GameId "2160767911742107"]
[EventDate "1999.10.01"]
[EventType "swiss"]
[EventRounds "5"]
[EventCountry "CAN"]

1. e4 e5 2. Nf3 Nc6 3. d4 exd4 4. Nxd4 Nf6 5. Nxc6 bxc6 6. e5 Qe7 7. Qe2 Nd5 8. c4 Ba6 9. Qe4 Nb4 10. Nc3 d5 11. cxd5 cxd5 12. Nxd5 Bb7 13. Bb5+ Kd8 14. Qxb4 Qxe5+ 0-1

[Event "Quebec-ch classe U2000"]
[Site "St-Jean CAN"]
[Date "1999.10.01"]
[Round "1"]
[White "Lamoureux, Yvon"]
[Black "Morin, Louis"]
[Result "1-0"]
[WhiteElo "1826"]
[BlackElo "1908"]
[PlyCount "75"]
[GameId "2160767911742108"]
[EventDate "1999.10.01"]
[EventType "swiss"]
[EventRounds "5"]
[EventCountry "CAN"]
[SourceTitle "hb 2013"]

1. d4 d5 2. c4 e6 3. Nc3 c5 4. Nf3 Nc6 5. cxd5 exd5 6. g3 Nf6 7. Bg2 Be7 8. O-O O-O 9. h3 h6 10. Be3 c4 11. Ne5 Na5 12. f4 Bf5 13. g4 Be4 14. Nxe4 Nxe4 15. Qc2 f5 16. gxf5 Ng3 17. Rf3 Nxf5 18. Ng6 Nh4 19. Nxf8 Nxf3+ 20. Bxf3 Kxf8 21. Qf5+ Bf6 22. Bxd5 Qe7 23. Be6 Nc6 24. Bf2 b5 25. Bd5 Qd6 26. e4 Ne7 27. Qh7 Nxd5 28. Qh8+ Kf7 29. Qxa8 Nxf4 30. e5 Nxh3+ 31. Kf1 Bxe5 32. Qf3+ Nf4 33. dxe5 Qxe5 34. Re1 Qf6 35. Bg3 g5 36. Bxf4 gxf4 37. Re4 Qxb2 38. Qxf4+ 1-0

[Event "Quebec-ch classe U2000"]
[Site "St-Jean CAN"]
[Date "1999.10.01"]
[Round "1"]
[White "Leger, Manon"]
[Black "Lacroix, Serge"]
[Result "0-1"]
[WhiteElo "1868"]
[BlackElo "1970"]
[PlyCount "114"]
[GameId "2160767911742109"]
[EventDate "1999.10.01"]
[EventType "swiss"]
[EventRounds "5"]
[EventCountry "CAN"]
[SourceTitle "Lacroix"]

1. e4 e5 2. Nf3 Nc6 3. Bb5 a6 4. Ba4 Nf6 5. d3 b5 6. Bb3 Be7 7. Nbd2 d6 8. c3 O-O 9. Nf1 d5 10. Qe2 dxe4 11. dxe4 h6 12. Ne3 Na5 13. Bc2 Bd6 14. b4 Nc6 15. a4 Bd7 16. axb5 axb5 17. Rxa8 Qxa8 18. O-O Ne7 19. Nf5 Nxf5 20. exf5 Bc6 21. Nh4 Be4 22. Re1 Bxc2 23. Qxc2 Qc6 24. Qd3 Ra8 25. f3 Qd5 26. Rd1 Qxd3 27. Rxd3 Ra1 28. Rd1 e4 29. Re1 Be5 30. Bd2 Ra2 31. Rd1 Rc2 32. Be1 Kf8 33. fxe4 Nxe4 34. Nf3 Bxc3 35. Bxc3 Rxc3 36. Ne5 Nd6 37. Nd7+ Ke7 38. Nc5 Rc4 39. Rd5 Rxb4 40. Re5+ Kd8 41. f6 gxf6 42. Rh5 Rc4 43. Nb3 Rc3 44. Nd4 c5 45. Rd5 Rc1+ 46. Kf2 Kc7 47. Nb3 Rc2+ 48. Kf1 Kc6 49. Rh5 Rc3 50. Nd2 b4 51. Rxh6 b3 52. Rxf6 b2 53. Rxd6+ Kxd6 54. Ne4+ Ke5 55. Nxc3 Kd4 56. Nb1 Kd3 57. h4 c4 0-1

[Event "Quebec-ch classe U2000"]
[Site "St-Jean CAN"]
[Date "1999.10.02"]
[Round "2"]
[White "Lacroix, Serge"]
[Black "Sauve, Richard"]
[Result "1-0"]
[WhiteElo "1970"]
[BlackElo "1890"]
[PlyCount "71"]
[GameId "2160767911742110"]
[EventDate "1999.10.01"]
[EventType "swiss"]
[EventRounds "5"]
[EventCountry "CAN"]
[SourceTitle "Lacroix"]

1. e4 e6 2. d4 d5 3. Nc3 Nf6 4. Bg5 Bb4 5. e5 h6 6. exf6 hxg5 7. fxg7 Rg8 8. Nge2 Bd7 9. a3 Bd6 10. Qd3 Qf6 11. h4 gxh4 12. Qh7 Qxg7 13. Qxg7 Rxg7 14. Rxh4 Bc6 15. g3 Nd7 16. Rh8+ Nf8 17. Nc1 a6 18. Nd3 O-O-O 19. Nb4 Bd7 20. O-O-O Nh7 21. Rxd8+ Kxd8 22. Be2 c5 23. dxc5 Bxc5 24. Nd3 Bb6 25. Rh1 Nf6 26. Rh8+ Kc7 27. Bf3 Rg8 28. Rh6 Ng4 29. Bxg4 Rxg4 30. Rh7 f6 31. Rf7 d4 32. Na4 Ba7 33. Nac5 Bxc5 34. Nxc5 d3 35. Nxd7 d2+ 36. Kd1 1-0

[Event "Quebec-ch classe U2000"]
[Site "St-Jean CAN"]
[Date "1999.10.02"]
[Round "2"]
[White "Morin, Louis"]
[Black "Mongeau, Diane"]
[Result "0-1"]
[WhiteElo "1908"]
[BlackElo "1822"]
[PlyCount "82"]
[GameId "2160767911742111"]
[EventDate "1999.10.01"]
[EventType "swiss"]
[EventRounds "5"]
[EventCountry "CAN"]
[SourceTitle "hb 2013"]

1. e4 c5 2. d4 cxd4 3. c3 g6 4. cxd4 Bg7 5. Nf3 d5 6. e5 Bg4 7. Nc3 Nc6 8. Be3 e6 9. Rc1 Nge7 10. Be2 O-O 11. h3 Bxf3 12. Bxf3 Nf5 13. O-O f6 14. exf6 Qxf6 15. Nxd5 exd5 16. Bxd5+ Kh8 17. Bxc6 bxc6 18. d5 Nxe3 19. fxe3 Qxf1+ 20. Qxf1 Rxf1+ 21. Kxf1 cxd5 22. b4 Bh6 23. Rd1 Bxe3 24. Rxd5 Rf8+ 25. Ke2 Bb6 26. a4 Rf2+ 27. Kd3 Rxg2 28. a5 Bg1 29. Kc4 Rg3 30. Rd8+ Kg7 31. Rd7+ Kh6 32. Kb5 Rxh3 33. Ka6 Rb3 34. b5 g5 35. Rd1 Bf2 36. Rd2 Be3 37. Re2 g4 38. Rxe3 Rxe3 39. Kxa7 Re5 40. Ka6 Re6+ 41. b6 g3 0-1

[Event "Quebec-ch classe U2000"]
[Site "St-Jean CAN"]
[Date "1999.10.02"]
[Round "3"]
[White "Gilbert, Erick"]
[Black "Morin, Louis"]
[Result "0-1"]
[WhiteElo "1863"]
[BlackElo "1908"]
[PlyCount "122"]
[GameId "2160767911742112"]
[EventDate "1999.10.01"]
[EventType "swiss"]
[EventRounds "5"]
[EventCountry "CAN"]
[SourceTitle "hb 2013"]

1. Nf3 d5 2. g3 c5 3. Bg2 Nc6 4. d3 Nf6 5. O-O e5 6. c4 Be7 7. cxd5 Nxd5 8. Nbd2 O-O 9. Nc4 f6 10. a4 Be6 11. b3 Qd7 12. Re1 Rad8 13. h4 Rfe8 14. Kh2 Bf8 15. Bb2 Ndb4 16. Bc3 Qf7 17. Nfd2 Rd7 18. Rh1 Red8 19. Kg1 Qh5 20. f3 Nd4 21. Bh3 Bxh3 22. Rxh3 Ne6 23. Ne4 Nxd3 24. g4 Ndf4 25. Qf1 Nxh3+ 26. Qxh3 Nf4 27. Qh2 Rd1+ 28. Rxd1 Rxd1+ 29. Kf2 Qf7 30. g5 Qe6 31. gxf6 gxf6 32. Qg3+ Kh8 33. e3 Nd5 34. Bb2 Rb1 35. Ned2 Rxb2 36. Nxb2 Bh6 37. Nbc4 Qg8 38. Qxg8+ Kxg8 39. e4 Nf4 40. Na5 b6 41. Nc6 Nd3+ 42. Ke2 Nc1+ 43. Kd1 Bxd2 44. Kxd2 Nxb3+ 45. Kc3 Nd4 46. Nxa7 Kf8 47. Nc8 b5 48. a5 Nc6 49. a6 Kg7 50. a7 Nxa7 51. Nxa7 b4+ 52. Kc4 Kh6 53. Nb5 Kh5 54. Kxc5 b3 55. Kb4 Kxh4 56. Kxb3 Kg3 57. Nd6 h5 58. Kc3 Kxf3 59. Kd3 h4 60. Nc4 h3 61. Nd2+ Kf2 0-1